000 02509nam0a2200361 4500
001 RU\NLR\BIBL_A\012170861
005 20200219180437.0
010 _a978-5-7014-0741-9
_9300
021 _aRU
_bКН-П-19-090197
_9КН-П-19-6586
035 _a(NLR Aleph) 012170861
035 _a(RuMoRGB)010167434
090 _a12240876
_c12240876
100 _a20191224d2016 k y0rusy50 ca
101 0 _arus
_deng
102 _aRU
105 _a |||z|||100zy
200 1 _aПервые шаги в науку
_eсборник статей студентов, магистрантов, аспирантов и молодых ученых
_e[материалы IX Сибирского кадрового форума, 27-29 апреля 2016 г.]
_fМинистерство образования и науки Российской Федерации, Федеральное государственное бюджетное образовательное учреждение высшего образования "Новосибирский государственный университет экономики и управления "НИНХ", Национальный союз организаций по подготовке кадров в области управления персоналом
_gпод редакцией кандидата экономических наук, доцента И.С. Бажутина
210 _aНовосибирск
_cНовосибирский государственный университет экономики и управления "НИНХ"
_d2016
215 _a146, [1] с.
_cил., табл.
_d20
300 _aРез. англ.
320 _aБиблиогр. в конце ст.
606 1 _aКадры
_jСъезды, совещания и т.п
_xУправление
_91230348
_3RU\NLR\AUTH\66501673
686 1 _aУ24(2)0-21я431
686 1 _aС550.373я431
702 1 _aБажутин
_bИ. С.
_gИван Сергеевич
_4340
711 1 2 _aСибирский кадровый форум
_d9
_eНовосибирск
_f2016
_9691727
_3RU\NLR\AUTH\880515560
712 0 2 _4475
_aНовосибирский государственный университет экономики и управления
_9625628
_3RU\NLR\AUTH\8810062063
942 _cBOOK
980 _aNBR
980 _aNB